Nuevos productos : de la idea al lanzamiento /
Colección de mercadotecnia, cuyo quinto número es un conjunto de sugerencias y esquemas para diversificar y desarrollar, sin riesgo, nuevos productos. Es explicado el concepto de un nuevo producto y son presentadas recomendaciones básicas para su éxito, para a continuación advertir de los errores bá...
Gespeichert in:
| 1. Verfasser: | |
|---|---|
| Format: | Buch |
| Sprache: | Spanisch |
| Veröffentlicht: |
Barcelona, España :
Océano : Ferré Trenzano Business School,
2003, c2003
|
| Schriftenreihe: | (Marketing Práctico)
|
| Schlagworte: | |
| Tags: |
Keine Tags, Fügen Sie das erste Tag hinzu!
|
MARC
| LEADER | 00000nam^a2200000^a^4500 | ||
|---|---|---|---|
| 001 | 000156350 | ||
| 005 | 20250521000000.0 | ||
| 009 | 20260310100501.074 | ||
| 020 | |a 84-494-1556-X | ||
| 037 | |a Acervo ITESO - Biblioteca | ||
| 041 | |a ESP | ||
| 082 | |a 658. 8 |b PRA V. 5 | ||
| 100 | |a Ferré Trenzano, José María |e (autor) | ||
| 240 | 1 | 1 | |a [Marketing práctico] |
| 245 | 1 | 0 | |a Nuevos productos : |b de la idea al lanzamiento / |c J.M. Ferré Trenzano ; introd. de José Ignacio Plans Bolíbar. |
| 264 | 4 | |a Barcelona, España : |b Océano : |b Ferré Trenzano Business School, |c 2003, c2003 | |
| 300 | |a 95 p. | ||
| 336 | |a texto |b txt |2 rdacontenido | ||
| 337 | |a sin mediación |b n |2 rdamedio | ||
| 338 | |a volumen |b nc |2 rdasoporte | ||
| 440 | 1 | |a (Marketing Práctico) | |
| 520 | |a Colección de mercadotecnia, cuyo quinto número es un conjunto de sugerencias y esquemas para diversificar y desarrollar, sin riesgo, nuevos productos. Es explicado el concepto de un nuevo producto y son presentadas recomendaciones básicas para su éxito, para a continuación advertir de los errores básicos que las empresas cometen en el lanzamiento de un producto, y describir las metodologías prácticas para la búsqueda de nuevos productos. | ||
| 649 | |a XX | ||
| 650 | |a Desarrollo de Productos Nuevos - |x Tema Principal | ||
| 650 | |a Producto (Mezcla de Mercadotecnia) | ||
| 650 | |a Mezcla de Mercadotecnia | ||
| 650 | |a Mercadotecnia | ||
| 650 | |a Administración del Producto | ||
| 650 | |a Proceso Administrativo | ||
| 650 | |a Ciencias Administrativas | ||
| 910 | |a Fondo General | ||
| 920 | |a Impresos - Libros | ||
| 930 | |a Colección General | ||
| 905 | |a 101 | ||
| 901 | |a 0500084251 |b IT1 |c ACC |u 20250521 | ||
| 901 | |a 0500160077 |b IT1 |c ACC |u 20250521 | ||
| 902 | |a https://opac.biblio.iteso.mx/vufind/Record/000156350 | ||